| 000 | 00889nam a2200229Ii 4500 | ||
|---|---|---|---|
| 003 | JO-AjNU | ||
| 008 | 230605s9999||||xx |||||||||||||| ||und|| | ||
| 017 | _a2009/3373 | ||
| 020 | _a977-342-705-6 | ||
| 040 |
_aJO-AjNU _bara _erda _cJO-AjNU |
||
| 041 | _aara | ||
| 050 | 1 | 4 | _aBP173.75.A27 2009 |
| 100 | 3 |
_aبن سلام، أبي عبيد القاسم ؛ تقديم ودراسة وتحقيق: محمد عمارة, _eauthor _930664 |
|
| 245 | 0 | 0 | _aكتاب الأموال |
| 250 | _aط1 | ||
| 264 | 3 | 1 | _aالقاهرة: دار السلام للطباعة والنشر والتوزيع والترجمة، 2009 |
| 300 |
_a639ص _bيتضمن كشاف فهارس الكتاب(ص632-689) |
||
| 336 |
_atext _btxt _2rdacontent |
||
| 337 |
_aunmediated _bn _2rdamedia |
||
| 338 |
_avolume _bnc _2rdacarrier |
||
| 650 | 4 |
_aالاموال- النظام المالي في الاسلام _930665 |
|
| 999 |
_aA12183 _c15751 _d15751 |
||